000 00174 a2200097 4500
020 _a9780736207737
041 _aspa
100 _aKratky,Lada
245 _aFocas
942 _cBK
999 _c15006
_d15006